Key terms in linguistics (Record no. 2224)

MARC details
000 -LEADER
fixed length control field 00404 a2200169 4500
001 - CONTROL NUMBER
control field 068568
003 - CONTROL NUMBER IDENTIFIER
control field OSt
005 - DATE AND TIME OF LATEST TRANSACTION
control field 20220228124220.0
008 - FIXED-LENGTH DATA ELEMENTS--GENERAL INFORMATION
fixed length control field
082 ## - DEWEY DECIMAL CLASSIFICATION NUMBER
Classification number 410.3
Item number J13K
100 1# - MAIN ENTRY--PERSONAL NAME
Personal name Jackson, Howard
245 1# - TITLE STATEMENT
Title Key terms in linguistics
Statement of responsibility, etc by Howard Jackson
260 ## - PUBLICATION, DISTRIBUTION, ETC. (IMPRINT)
Place of publication, distribution, etc London
Name of publisher, distributor, etc Continuum
Date of publication, distribution, etc 2007
300 ## - PHYSICAL DESCRIPTION
Extent 173p.
653 ## - INDEX TERM--UNCONTROLLED
Uncontrolled term Linguistics
942 ## - ADDED ENTRY ELEMENTS (KOHA)
Source of classification or shelving scheme Dewey Decimal Classification
Koha item type Books
Holdings
Withdrawn status Lost status Source of classification or shelving scheme Damaged status Not for loan Collection code Home library Current library Date acquired Source of acquisition Cost, normal purchase price Total Checkouts Full call number Barcode Date last seen Date checked out Price effective from Koha item type
    Dewey Decimal Classification     General Text Book Central University Of Rajasthan Central University Of Rajasthan 07/03/2012 ENG 1058.00 8 410.3 J13K 2855 21/11/2024 08/04/2024 02/09/2020 Books